[Event "Var ch 0607"]
[Site "Toulon"]
[Date "2006.??.??"]
[Round "4.5"]
[White "Malandain, Bruno"]
[Black "Candela, Leo Thierry"]
[Result "1/2-1/2"]
[WhiteElo "1950"]
[BlackElo "1638"]
[PlyCount "82"]
[EventDate "2006.??.??"]
[EventType "swiss"]
[EventRounds "7"]
[EventCountry "FRA"]

1. b3 e5 2. Bb2 Nc6 3. e3 Nf6 4. c4 d5 5. d4 e4 6. a3 Be7 7. Nc3 Be6 8. Qc2 O-O
9. Nge2 dxc4 10. bxc4 Bxc4 11. Nxe4 Bd5 12. Nxf6+ Bxf6 13. Nf4 Re8 14. Be2 Be4
15. Qd2 Qd6 16. O-O Rad8 17. Bd3 Qe7 18. Rac1 a6 19. Qc2 Bg5 20. Bxe4 Qxe4 21.
Qxe4 Rxe4 22. Nd3 Be7 23. Nc5 Bxc5 24. Rxc5 Rd6 25. Rfc1 Re7 26. d5 Red7 27. e4
f6 28. Kf1 Ne5 29. Bxe5 fxe5 30. Rxc7 Rxc7 31. Rxc7 Rb6 32. Rc3 Kf7 33. Ke2 Ke7
34. Kd3 Kd7 35. Kc2 Rf6 36. Rf3 Rxf3 37. gxf3 g5 38. Kb3 Kd6 39. Kb4 b6 40. a4
h6 41. Kc4 Kc7 1/2-1/2

[Event "Var ch 0607"]
[Site "Toulon"]
[Date "2006.??.??"]
[Round "4.6"]
[White "Coraboeuf, Alain"]
[Black "Penkov, Nikola"]
[Result "0-1"]
[WhiteElo "1789"]
[BlackElo "1715"]
[PlyCount "96"]
[EventDate "2006.??.??"]
[EventType "swiss"]
[EventRounds "7"]
[EventCountry "FRA"]

1. c4 e5 2. Nc3 Nf6 3. a3 d5 4. cxd5 Nxd5 5. Nf3 Nxc3 6. bxc3 e4 7. Qa4+ Nc6 8.
Qxe4+ Be7 9. e3 O-O 10. Qc2 g6 11. d4 Bf6 12. Bd3 Bg4 13. Nd2 Re8 14. O-O a6
15. Ne4 Bg7 16. a4 b6 17. f3 Be6 18. Nd2 Qg5 19. Ne4 Qe7 20. Bd2 f5 21. Nf2 Na5
22. c4 Nb7 23. Rab1 a5 24. c5 Qd8 25. Bb5 Re7 26. Nh3 Bh6 27. Rfe1 Qd5 28. cxb6
cxb6 29. Nf2 Rc8 30. Qb2 Qd8 31. Ba6 Rc6 32. Bxb7 Rxb7 33. Bxa5 Bg7 34. Nd3 Bc4
35. Ne5 Bxe5 36. dxe5 Ba6 37. Rbd1 Qc7 38. Bb4 Bc4 39. Rd4 Be6 40. Red1 Rc2 41.
Rd8+ Kf7 42. Qa3 Qc4 43. Be1 Re7 44. Bh4 Qxh4 45. Rf1 Qc4 46. Rd4 Qe2 47. Rg4
fxg4 48. fxg4+ Ke8 0-1

[Event "Var ch 0607"]
[Site "Toulon"]
[Date "2006.??.??"]
[Round "4.8"]
[White "Urrutia, Jordi"]
[Black "Mirabel, Marcel"]
[Result "0-1"]
[WhiteElo "1624"]
[BlackElo "2020"]
[PlyCount "52"]
[EventDate "2006.??.??"]
[EventType "swiss"]
[EventRounds "7"]
[EventCountry "FRA"]

1. d4 d5 2. c4 c6 3. Nc3 e6 4. Nf3 f5 5. Bg5 Nf6 6. e3 Bd6 7. Qc2 O-O 8. cxd5
cxd5 9. Bd3 Nc6 10. a3 a6 11. O-O Bd7 12. Rfe1 Rc8 13. Nd2 Bxh2+ 14. Kf1 h6 15.
Bxf6 Qxf6 16. g3 f4 17. exf4 e5 18. Kg2 e4 19. Nxd5 Qe6 20. Kxh2 Qh3+ 21. Kg1
Nxd4 22. Qd1 exd3 23. Ne7+ Kh7 24. Nxc8 Bg4 25. f3 Qxg3+ 26. Kf1 Bh3# 0-1

[Event "Var ch 0607"]
[Site "Toulon"]
[Date "2006.??.??"]
[Round "3"]
[White "Urrutia, Jordi"]
[Black "Banuls, Adrien"]
[Result "1-0"]
[WhiteElo "1624"]
[BlackElo "1736"]
[PlyCount "75"]
[EventDate "2006.??.??"]
[EventType "swiss"]
[EventRounds "7"]
[EventCountry "FRA"]

1. d4 d5 2. c4 c6 3. Nc3 Nf6 4. e3 e6 5. Nf3 dxc4 6. Bxc4 Nbd7 7. Qc2 Be7 8.
O-O O-O 9. Bd2 Re8 10. Rfe1 Qc7 11. Bd3 Bd6 12. e4 e5 13. dxe5 Nxe5 14. Nxe5
Bxe5 15. h3 Nd7 16. Rad1 Nc5 17. Bf1 Re6 18. Be3 Bxc3 19. bxc3 b6 20. Bxc5 bxc5
21. Bc4 Rg6 22. Qd3 Kf8 23. Qf3 Be6 24. Bxe6 Rxe6 25. Qf5 Qa5 26. Qxh7 Rh6 27.
Qf5 g6 28. Qf6 Qc7 29. e5 Rh5 30. e6 Qe7 31. Qxe7+ Kxe7 32. Rd7+ Ke8 33. Rxf7
Rh8 34. Rc7 Rb8 35. e7 Rb2 36. Rxc6 Rxa2 37. Rxc5 a5 38. Rc8+ 1-0

[Event "Var ch 0607"]
[Site "Toulon"]
[Date "2006.??.??"]
[Round "1.1"]
[White "Le Gall, Louis"]
[Black "Mory, Eric"]
[Result "0-1"]
[WhiteElo "1714"]
[BlackElo "2121"]
[PlyCount "48"]
[EventDate "2006.??.??"]
[EventType "swiss"]
[EventRounds "7"]
[EventCountry "FRA"]

1. e4 Nf6 2. e5 Nd5 3. Nc3 Nxc3 4. dxc3 Nc6 5. f4 d6 6. exd6 exd6 7. Nf3 Be7 8.
Be3 O-O 9. Qd2 Bg4 10. O-O-O Bf6 11. h3 Bxf3 12. gxf3 Ne7 13. Bd3 Qd7 14. Qg2
Qa4 15. Bd4 c5 16. Bxf6 Qxf4+ 17. Kb1 Qxf6 18. f4 Rab8 19. h4 d5 20. c4 dxc4
21. Bxc4 b5 22. Bd5 Nf5 23. Be4 Ne3 24. Bxh7+ Kh8 0-1

[Event "Var ch 0607"]
[Site "Toulon"]
[Date "2006.??.??"]
[Round "1.2"]
[White "Renault, Laurent"]
[Black "Cantogrel, Laurent"]
[Result "1-0"]
[WhiteElo "2060"]
[BlackElo "1710"]
[PlyCount "67"]
[EventDate "2006.??.??"]
[EventType "swiss"]
[EventRounds "7"]
[EventCountry "FRA"]

1. d4 d5 2. Nf3 Nf6 3. e3 e6 4. Bd3 Be7 5. Nbd2 O-O 6. O-O Nc6 7. c3 b6 8. e4
dxe4 9. Nxe4 Bb7 10. Qc2 h6 11. Re1 Nd5 12. Bd2 Rc8 13. Rad1 Re8 14. Ng3 Bd6
15. Ne5 Nxe5 16. dxe5 Bc5 17. a3 Qh4 18. Re4 Qd8 19. Rg4 f5 20. Nxf5 exf5 21.
Bxf5 Kh8 22. Bxh6 gxh6 23. c4 Rxe5 24. cxd5 Qxd5 25. Bxc8 Bxc8 26. Rg3 Bf5 27.
Qc1 Qe6 28. Qc3 Bd4 29. Qxd4 c5 30. Qd8+ Kh7 31. Qd2 Re2 32. Qc3 Bg6 33. Re3
Rxe3 34. Qxe3 1-0

[Event "Var ch 0607"]
[Site "Toulon"]
[Date "2006.??.??"]
[Round "1.3"]
[White "Marku, Demeter"]
[Black "Mirabel, Marcel"]
[Result "0-1"]
[WhiteElo "1702"]
[BlackElo "2020"]
[PlyCount "66"]
[EventDate "2006.??.??"]
[EventType "swiss"]
[EventRounds "7"]
[EventCountry "FRA"]

1. e4 c5 2. Nf3 Nc6 3. Bc4 g6 4. d4 cxd4 5. Nxd4 Bg7 6. c3 Nf6 7. Qc2 O-O 8.
O-O a6 9. h3 b5 10. Nxc6 dxc6 11. Be2 Qc7 12. Bg5 Bb7 13. Nd2 c5 14. Bh4 Rfd8
15. Rad1 Bh6 16. Bg3 e5 17. f3 Nh5 18. Bf2 Nf4 19. Nb3 c4 20. Nc1 Qe7 21. Kh2
Qe6 22. Rg1 Rxd1 23. Qxd1 Re8 24. Bf1 Qe7 25. Qe1 Rd8 26. Qe3 Kg7 27. Qb6 Rd2
28. Be3 Rxb2 29. Bxc4 Qh4 30. Be2 Bc8 31. Qc5 Bxh3 32. Qxe5+ f6 33. Qc7+ Bd7#
0-1

[Event "Var ch 0607"]
[Site "Toulon"]
[Date "2006.10.07"]
[Round "1.4"]
[White "Touvron, Fabrice"]
[Black "Repetto Ramella, Christian"]
[Result "1-0"]
[WhiteElo "1995"]
[BlackElo "1700"]
[PlyCount "121"]
[EventDate "2006.??.??"]
[EventType "swiss"]
[EventRounds "7"]
[EventCountry "FRA"]

1. c4 c5 2. Nc3 Nc6 3. g3 g6 4. Bg2 Bg7 5. Nf3 Nf6 6. O-O O-O 7. d4 cxd4 8.
Nxd4 Nxd4 9. Qxd4 d6 10. Qd3 Qc7 11. Nb5 Qd7 12. Bd2 a6 13. Nd4 Rb8 14. Bc3 b6
15. Nc6 Bb7 16. Nxb8 Rxb8 17. Bxb7 Rxb7 18. Kg2 Rc7 19. b3 Qc6+ 20. f3 Nd7 21.
Bxg7 Kxg7 22. Rac1 Qb7 23. Qd5 Qc8 24. Rfd1 Rc5 25. Qd4+ Kg8 26. Qg4 Qc7 27. f4
Nf6 28. Qf3 Kg7 29. Qa8 a5 30. a4 Rh5 31. Qf3 Qd7 32. h4 Rc5 33. Rc3 h5 34. e4
Qc7 35. Rcd3 Ng4 36. Rd5 Nf6 37. Rxc5 Qxc5 38. Qc3 Qc6 39. Qd4 Qxe4+ 40. Qxe4
Nxe4 41. Kf3 f5 42. Rd3 Kf7 43. Ke2 Ke8 44. b4 axb4 45. Rb3 Kd7 46. Rxb4 Kc7
47. Rb3 Nc5 48. Ra3 Nb7 49. Ke3 Na5 50. Kd4 e6 51. Re3 Nc6+ 52. Kc3 Kd7 53. Re1
e5 54. fxe5 dxe5 55. c5 bxc5 56. Kc4 Kd6 57. Rd1+ Nd4 58. a5 e4 59. a6 Kc6 60.
Rb1 e3 61. a7 1-0

[Event "Var ch 0607"]
[Site "Toulon"]
[Date "2006.??.??"]
[Round "1.5"]
[White "Maurage, Jacky"]
[Black "Malandain, Bruno"]
[Result "0-1"]
[WhiteElo "1670"]
[BlackElo "1950"]
[PlyCount "61"]
[EventDate "2006.??.??"]
[EventType "swiss"]
[EventRounds "7"]
[EventCountry "FRA"]

1. c4 e6 2. Nf3 f5 3. g3 Nf6 4. Bg2 Be7 5. O-O O-O 6. Nc3 d6 7. d3 c6 8. Rb1 e5
9. Nd2 d5 10. cxd5 cxd5 11. Qb3 Kh8 12. Nxd5 Be6 13. Qxb7 Bxd5 14. Bxd5 Qxd5
15. Qxe7 Nc6 16. Qa3 Nd4 17. h3 Nxe2+ 18. Kh2 Rfd8 19. Nc4 f4 20. gxf4 exf4 21.
Qa5 Qxa5 22. Nxa5 Rxd3 23. f3 Rc8 24. Re1 Rc2 25. Kh1 Rxf3 26. Rd1 g5 27. Bd2
Ng3+ 28. Kg1 Ne2+ 29. Kg2 Nd4 30. Nb3 Rd3 31. Rbc1 {abandon} 0-1

[Event "Var ch 0607"]
[Site "Toulon"]
[Date "2006.??.??"]
[Round "1.6"]
[White "Penloup, Dominique"]
[Black "Bouchelil, Cyril"]
[Result "1-0"]
[WhiteElo "1899"]
[BlackElo "1642"]
[PlyCount "54"]
[EventDate "2006.??.??"]
[EventType "swiss"]
[EventRounds "7"]
[EventCountry "FRA"]

1. e4 c5 2. Nc3 e6 3. f4 Nf6 4. Nf3 d5 5. Bb5+ Bd7 6. Bxd7+ Nbxd7 7. e5 Nh5 8.
d3 Qa5 9. O-O Qb4 10. Ne2 g5 11. c3 Qb6 12. Nxg5 h6 13. Nf3 O-O-O 14. Qb3 Qa6
15. c4 d4 16. Bd2 b6 17. a4 Qb7 18. a5 Be7 19. Ra2 Kc7 20. Rfa1 Rhg8 21. axb6+
Kc8 22. Kf2 Rxg2+ 23. Kxg2 Bh4 24. Rxa7 Rg8+ 25. Ng3 Qc6 26. b7+ Kb8 27. Ra8+
Kc7 1-0

[Event "Var ch 0607"]
[Site "Toulon"]
[Date "2006.??.??"]
[Round "1.8"]
[White "Vaute, Denis"]
[Black "Urrutia, Jordi"]
[Result "1-0"]
[WhiteElo "1880"]
[BlackElo "1624"]
[PlyCount "65"]
[EventDate "2006.??.??"]
[EventType "swiss"]
[EventRounds "7"]
[EventCountry "FRA"]

1. e4 c5 2. Nf3 d6 3. d4 cxd4 4. Nxd4 Nf6 5. Nc3 a6 6. g3 g6 7. Bg2 Bg7 8. O-O
O-O 9. h3 Nc6 10. Be3 Qc7 11. Qd2 Bd7 12. f4 Rab8 13. Rad1 Nxd4 14. Bxd4 b5 15.
Kh2 Rfc8 16. Rf2 b4 17. Nd5 Nxd5 18. exd5 Bxd4 19. Qxd4 Qc4 20. Qxc4 Rxc4 21.
g4 Rbc8 22. Rdd2 a5 23. b3 R4c7 24. Bf1 a4 25. Bc4 axb3 26. axb3 e6 27. Rd4
exd5 28. Bd3 Be6 29. Rxb4 Kg7 30. Rd4 Rc5 31. f5 gxf5 32. gxf5 Bd7 33. b4 1-0

[Event "Var ch 0607"]
[Site "Toulon"]
[Date "2006.??.??"]
[Round "1.16"]
[White "Menardo, Philippe"]
[Black "Pispisa, Ferdinand"]
[Result "0-1"]
[WhiteElo "1724"]
[BlackElo "1499"]
[PlyCount "80"]
[EventDate "2006.??.??"]
[EventType "swiss"]
[EventRounds "7"]
[EventCountry "FRA"]

1. d4 d5 2. Nf3 Nc6 3. Bf4 Nf6 4. h3 Bd7 5. e3 e6 6. Nbd2 Bb4 7. c3 Ba5 8. b4
Bb6 9. a4 a5 10. b5 Ne7 11. c4 c6 12. c5 Bc7 13. Bxc7 Qxc7 14. b6 Qd8 15. Ne5
Ng6 16. f4 Nh4 17. Ndf3 Ne4 18. Bd3 Nxg2+ 19. Ke2 Nc3+ 20. Kd2 Nxd1 21. Raxd1
Nh4 22. Nh2 f6 23. Neg4 h5 24. Nf2 Qe7 25. e4 e5 26. fxe5 fxe5 27. dxe5 Qxe5
28. exd5 Qf4+ 29. Ke2 cxd5 30. Rde1 Ng2 31. Bg6+ Kd8 32. Ref1 Qe3+ 33. Kd1
Bxa4+ 34. Bc2 Bxc2+ 35. Kxc2 Rf8 36. Nd1 Qe2+ 37. Kc1 Rxf1 38. Rxf1 Ke7 39. Rf2
Qc4+ 40. Rc2 Qf4+ 0-1

[Event "Var ch 0607"]
[Site "Toulon"]
[Date "2006.??.??"]
[Round "2.2"]
[White "Khalfaoui, Abdelhamid"]
[Black "Renault, Laurent"]
[Result "1-0"]
[WhiteElo "1857"]
[BlackElo "2060"]
[PlyCount "109"]
[EventDate "2006.??.??"]
[EventType "swiss"]
[EventRounds "7"]
[EventCountry "FRA"]

1. e4 c5 2. Nf3 a6 3. d4 cxd4 4. Nxd4 Nf6 5. Nc3 e5 6. Nb3 Bb4 7. Bd3 d5 8.
exd5 e4 9. Be2 Nxd5 10. Bd2 Nxc3 11. Bxc3 Bxc3+ 12. bxc3 Qe7 13. Qd4 O-O 14.
O-O-O Nc6 15. Qd6 Qg5+ 16. Qd2 Qe5 17. Qe3 Be6 18. f4 exf3 19. Qxe5 Nxe5 20.
gxf3 Rac8 21. Kb2 Rc7 22. f4 Nc4+ 23. Bxc4 Bxc4 24. Rd4 Rfc8 25. Rhd1 Kf8 26.
Rd8+ Rxd8 27. Rxd8+ Ke7 28. Rd2 Bxb3 29. cxb3 Kf6 30. Rd5 Re7 31. a4 Re2+ 32.
Ka3 Ke6 33. Rd8 Rxh2 34. Rb8 Rd2 35. Rxb7 h5 36. Rb6+ Rd6 37. f5+ Ke5 38. Rb7
Rf6 39. a5 h4 40. b4 h3 41. Re7+ Kxf5 42. Re1 g5 43. c4 h2 44. b5 g4 45. b6 Rh6
46. b7 Rh8 47. c5 g3 48. c6 g2 49. c7 h1=Q 50. c8=Q+ Rxc8 51. bxc8=Q+ Kf4 52.
Qc4+ Kg5 53. Qd5+ f5 54. Rxh1 gxh1=Q 55. Qxh1 1-0

[Event "Var ch 0607"]
[Site "Toulon"]
[Date "2006.??.??"]
[Round "2.3"]
[White "Mirabel, Marcel"]
[Black "Reggiani, Jean Marc"]
[Result "1/2-1/2"]
[WhiteElo "2020"]
[BlackElo "1750"]
[PlyCount "44"]
[EventDate "2006.??.??"]
[EventType "swiss"]
[EventRounds "7"]
[EventCountry "FRA"]

1. e4 d6 2. d4 Nf6 3. Nc3 g6 4. Nf3 Bg7 5. Bg5 h6 6. Be3 O-O 7. Qd2 Kh7 8. Bd3
a6 9. h4 Ng4 10. h5 Nxe3 11. hxg6+ fxg6 12. Qxe3 b5 13. O-O-O h5 14. e5 Bf5 15.
Ng5+ Kg8 16. Ne6 Bxe6 17. Qe4 Bf5 18. Qxa8 c6 19. Qb7 Bxd3 20. Rxd3 d5 21. Rf3
Rxf3 22. gxf3 Kh7 1/2-1/2

[Event "Var ch 0607"]
[Site "Toulon"]
[Date "2006.11.11"]
[Round "2.4"]
[White "Coraboeuf, Alain"]
[Black "Touvron, Fabrice"]
[Result "0-1"]
[WhiteElo "1789"]
[BlackElo "1995"]
[PlyCount "102"]
[EventDate "2006.??.??"]
[EventType "swiss"]
[EventRounds "7"]
[EventCountry "FRA"]

1. c4 e5 2. Nc3 Nc6 3. e4 g6 4. a3 a5 5. g3 Bg7 6. Rb1 Nge7 7. d3 d6 8. Bg2 Nd4
9. h3 Be6 10. Be3 Nec6 11. Nd5 a4 12. Ne2 Nb3 13. O-O O-O 14. Nec3 Ncd4 15. Nb4
Qd7 16. Kh2 Nc5 17. Nbd5 f5 18. Bxd4 exd4 19. Ne2 Bxd5 20. exd5 Rfe8 21. Nf4
Kh8 22. Ne6 Nb3 23. Re1 Bf6 24. Qc2 Rac8 25. Re2 b6 26. Rbe1 Qf7 27. h4 h5 28.
Bf3 Rg8 29. Nf4 Be5 30. Ne6 f4 31. Ng5 Qd7 32. Qd1 fxg3+ 33. fxg3 Qf5 34. Rxe5
dxe5 35. Rxe5 Qf6 36. Qe1 Nc5 37. Qe2 Rg7 38. Re8+ Rxe8 39. Qxe8+ Rg8 40. Qe2
Rf8 41. Kg2 Kg7 42. Nh3 Qxf3+ 43. Qxf3 Rxf3 44. Kxf3 Nxd3 45. Nf4 Nxb2 46. Ne6+
Kf6 47. Nxc7 Nxc4 48. Nb5 Ke5 49. Ke2 Kxd5 50. Kd3 Ne5+ 51. Kd2 Kc4 0-1

[Event "Var ch 0607"]
[Site "Toulon"]
[Date "2006.??.??"]
[Round "2.5"]
[White "Malandain, Bruno"]
[Black "Penkov, Nikola"]
[Result "1-0"]
[WhiteElo "1950"]
[BlackElo "1715"]
[PlyCount "79"]
[EventDate "2006.??.??"]
[EventType "swiss"]
[EventRounds "7"]
[EventCountry "FRA"]

1. b3 e5 2. Bb2 d6 3. e3 Nf6 4. c4 Bf5 5. d4 Nc6 6. Nf3 exd4 7. Nxd4 Nxd4 8.
Qxd4 Be7 9. Nc3 c5 10. Qf4 Qd7 11. Be2 O-O 12. Rd1 Qe6 13. Bf3 Rab8 14. O-O a6
15. Ne2 Rfd8 16. h3 b5 17. Ng3 Bg6 18. Bc3 h6 19. Rd2 Bh7 20. e4 b4 21. Bb2 Ne8
22. Bg4 Bg5 23. Qf3 Qe7 24. Re2 Bf6 25. Bxf6 Nxf6 26. Rfe1 Qe5 27. Qe3 Nxg4 28.
hxg4 Qe6 29. Nf5 a5 30. Rd2 Bxf5 31. gxf5 Qe7 32. Red1 f6 33. f4 Kf7 34. Rd5
Ra8 35. Qd3 a4 36. e5 fxe5 37. fxe5 axb3 38. axb3 Ra2 39. Rxd6 Qg5 40. Qd5+ 1-0

[Event "Var ch 0607"]
[Site "Toulon"]
[Date "2006.??.??"]
[Round "2.6"]
[White "Borie, Christian"]
[Black "Penloup, Dominique"]
[Result "0-1"]
[WhiteElo "1770"]
[BlackElo "1899"]
[PlyCount "37"]
[EventDate "2006.??.??"]
[EventType "swiss"]
[EventRounds "7"]
[EventCountry "FRA"]

1. d4 f5 2. Nc3 e6 3. e4 g6 4. h4 Be7 5. h5 g5 6. exf5 exf5 7. Bd3 Nh6 8. Qe2
O-O 9. Nf3 Re8 10. O-O d6 11. Re1 Bd7 12. Bd2 Nc6 13. Bc4+ Kf8 14. Qd3 Nb4 15.
Qf1 Nxc2 16. Rxe7 Qxe7 17. Bxg5 Qg7 18. Qc1 Ne1 19. Ne5 0-1

[Event "Var ch 0607"]
[Site "Toulon"]
[Date "2006.??.??"]
[Round "2.9"]
[White "Pispisa, Ferdinand"]
[Black "Paccard, Jacques"]
[Result "1/2-1/2"]
[WhiteElo "1499"]
[BlackElo "1779"]
[PlyCount "130"]
[EventDate "2006.??.??"]
[EventType "swiss"]
[EventRounds "7"]
[EventCountry "FRA"]

1. e4 Nf6 2. Nc3 e5 3. d3 d6 4. Be2 Be7 5. f4 exf4 6. Bxf4 Be6 7. Nf3 c6 8. d4
Qa5 9. O-O Nbd7 10. h3 b5 11. a3 Bc4 12. Bxd6 Bxd6 13. e5 Bxe2 14. Qxe2 Be7 15.
exf6 Nxf6 16. Rae1 Qc7 17. Nh4 Rd8 18. Nf5 Rd7 19. Nxg7+ Kd8 20. Nf5 Re8 21.
Qf3 a6 22. Nxe7 Rdxe7 23. Qxf6 Kc8 24. Rxe7 Rxe7 25. d5 cxd5 26. Qf5+ Rd7 27.
Rd1 d4 28. Nd5 Qc5 29. Ne3 Qd6 30. c3 d3 31. Qe4 Kb8 32. Nf5 Qe6 33. Qxe6 fxe6
34. Nd4 e5 35. Rxd3 exd4 36. Rxd4 Re7 37. Rd6 Re2 38. b4 Rc2 39. Rxa6 Rxc3 40.
Rb6+ Ka7 41. Rxb5 Ka6 42. Rh5 Rxa3 43. Ra5+ Rxa5 44. bxa5 Kxa5 45. g4 Kb5 46.
Kg2 Kc4 47. Kf3 Kd5 48. Kf4 Ke6 49. Kg5 Kf7 50. h4 Kg7 51. Kf5 Kf7 52. h5 h6
53. Ke5 Ke7 54. Ke4 Ke6 55. Kd4 Kf6 56. Ke4 Ke6 57. Kf3 Kf7 58. Kg3 Ke6 59. Kh3
Ke7 60. Kh4 Kf6 61. Kg3 Ke5 62. Kf3 Ke6 63. Ke3 Ke5 64. Kf3 Kf6 65. Ke3 Ke5
1/2-1/2

[Event "Var ch 0607"]
[Site "Toulon"]
[Date "2006.??.??"]
[Round "2.11"]
[White "Riviere, Cedric"]
[Black "Menardo, Philippe"]
[Result "1-0"]
[WhiteElo "1724"]
[BlackElo "1750"]
[PlyCount "70"]
[EventDate "2006.??.??"]
[EventType "swiss"]
[EventRounds "7"]
[EventCountry "FRA"]

1. d4 d5 2. Nf3 e6 3. a3 Nf6 4. Bf4 c5 5. e3 c4 6. Nbd2 Nc6 7. c3 Qa5 8. b4 Qd8
9. Be2 Bd7 10. O-O Be7 11. Qc2 Nh5 12. Bg3 Nxg3 13. fxg3 f5 14. e4 fxe4 15.
Nxe4 dxe4 16. Qxe4 O-O 17. Bxc4 Bf6 18. Ne5 Nxe5 19. dxe5 Bc6 20. Bxe6+ Kh8 21.
Qe3 Be7 22. c4 Rxf1+ 23. Rxf1 Bg5 24. Qc5 Qb6 25. Qxb6 axb6 26. Bd5 Be3+ 27.
Kh1 Bd4 28. e6 Bf6 29. b5 Bxd5 30. cxd5 Rd8 31. Rxf6 gxf6 32. e7 Rc8 33. h3 Kg8
34. d6 Kf7 35. Kh2 Ke6 1-0

[Event "Var ch 0607"]
[Site "Toulon"]
[Date "2006.??.??"]
[Round "2.12"]
[White "Urrutia, Jordi"]
[Black "Le Gall, Louis"]
[Result "1-0"]
[WhiteElo "1624"]
[BlackElo "1714"]
[PlyCount "95"]
[EventDate "2006.??.??"]
[EventType "swiss"]
[EventRounds "7"]
[EventCountry "FRA"]

1. d4 e6 2. c4 f5 3. Nc3 Nf6 4. Nf3 Be7 5. e3 O-O 6. Bd3 d5 7. O-O Ne4 8. cxd5
exd5 9. Nd2 Be6 10. f3 Nd6 11. Qc2 c6 12. Re1 Rf6 13. Nb3 b6 14. e4 fxe4 15.
fxe4 Rf7 16. exd5 Bf5 17. dxc6 Bxd3 18. Qxd3 Nxc6 19. a3 Nf5 20. Be3 Nxe3 21.
Rxe3 Bf6 22. Rd1 Rd7 23. Qc4+ Kh8 24. Qxc6 Rc8 25. Qe4 Re7 26. Qd3 Rf7 27. d5
Bg5 28. Rf3 Bf6 29. Rh3 h6 30. Nd4 Bxd4+ 31. Qxd4 Qd7 32. Rxh6+ Kg8 33. Rh3 Rf6
34. Rg3 Rcf8 35. Ne4 Rf4 36. d6 Qf7 37. Qd3 Rxe4 38. Rf3 Rf4 39. Rxf4 Qxf4 40.
d7 Qf2+ 41. Kh1 Rd8 42. Rf1 Qc5 43. Qb3+ Kh7 44. Qh3+ Kg8 45. Qe6+ Kh7 46. Qe8
Qg5 47. h3 Qh4 48. Rf8 1-0

[Event "Var ch 0607"]
[Site "Toulon"]
[Date "2006.??.??"]
[Round "3.1"]
[White "Penloup, Dominique"]
[Black "Mory, Eric"]
[Result "1/2-1/2"]
[WhiteElo "1899"]
[BlackElo "2121"]
[PlyCount "70"]
[EventDate "2006.??.??"]
[EventType "swiss"]
[EventRounds "7"]
[EventCountry "FRA"]

1. e4 Nf6 2. Nc3 d6 3. Bc4 g6 4. d3 Bg7 5. f4 O-O 6. Nf3 c6 7. Bb3 a5 8. O-O b5
9. a4 Qb6+ 10. Kh1 b4 11. Ne2 Na6 12. Ng3 Nc7 13. Qe1 Ng4 14. h3 Nh6 15. Be3 c5
16. Qc1 d5 17. f5 gxf5 18. exd5 Rd8 19. Nh4 Nxd5 20. Nhxf5 Nxf5 21. Nxf5 Bxf5
22. Rxf5 Qe6 23. Rf3 Rac8 24. Rb1 Qe5 25. Bxd5 Qxd5 26. b3 Rd6 27. Qf1 Bd4 28.
Re1 Bc3 29. Re2 Rg6 30. Rf5 e5 31. Bg1 Re8 32. Re4 Ree6 33. Rxf7 Re8 34. Rf5
Bd4 35. Bh2 Re7 1/2-1/2

[Event "Var ch 0607"]
[Site "Toulon"]
[Date "2006.11.18"]
[Round "3.2"]
[White "Touvron, Fabrice"]
[Black "Vaute, Denis"]
[Result "1/2-1/2"]
[WhiteElo "1995"]
[BlackElo "1880"]
[PlyCount "125"]
[EventDate "2006.??.??"]
[EventType "swiss"]
[EventRounds "7"]
[EventCountry "FRA"]

1. c4 c6 2. Nf3 d5 3. g3 Nf6 4. Bg2 g6 5. b3 Bg7 6. Bb2 O-O 7. O-O dxc4 8. bxc4
Bf5 9. d3 Nh5 10. Bxg7 Kxg7 11. Nbd2 Nd7 12. Nb3 e5 13. Nfd2 Nhf6 14. Qc2 Rb8
15. c5 Qe7 16. a4 Be6 17. e4 Rfd8 18. a5 Bxb3 19. Nxb3 Nf8 20. Qc3 Qc7 21. Bh3
Kg8 22. f4 exf4 23. Rxf4 Nh5 24. Rf3 Ne6 25. Bxe6 fxe6 26. Raf1 Qg7 27. Qc4 Qe5
28. Rf5 gxf5 29. Rxf5 Qg7 30. Rxh5 Kh8 31. e5 Qg6 32. Qh4 Rxd3 33. Rh6 Rd1+ 34.
Kg2 Qc2+ 35. Kh3 Qf5+ 36. Qg4 Qxg4+ 37. Kxg4 Re8 38. a6 bxa6 39. Na5 Rd5 40.
Nb7 Rxe5 41. Nd6 Re7 42. Kf4 Rxc5 43. Ne4 Rc4 44. Ke5 Rxe4+ 45. Kxe4 a5 46. Ke5
Kg7 47. Rh4 h6 48. Kd6 Rb7 49. Ra4 Kf6 50. Rf4+ Kg5 51. h4+ Kg6 52. Kxe6 Rb4
53. Rf6+ Kh5 54. Rf5+ Kg4 55. Rxa5 Kxg3 56. Rxa7 Rxh4 57. Kd6 Rc4 58. Rh7 Rc1
59. Rxh6 c5 60. Rh5 c4 61. Kd5 Kf3 62. Kd4 c3 63. Rh3+ 1/2-1/2

[Event "Var ch 0607"]
[Site "Toulon"]
[Date "2006.??.??"]
[Round "3.3"]
[White "Chapuis, Joel"]
[Black "Malandain, Bruno"]
[Result "1-0"]
[WhiteElo "1882"]
[BlackElo "1950"]
[PlyCount "72"]
[EventDate "2006.??.??"]
[EventType "swiss"]
[EventRounds "7"]
[EventCountry "FRA"]

1. d4 e6 2. c4 f5 3. Nf3 Nf6 4. g3 Be7 5. Bg2 O-O 6. O-O d6 7. Nc3 Nbd7 8. Ng5
Nb6 9. b3 h6 10. Nf3 Ne4 11. Bb2 Bf6 12. Qc2 d5 13. cxd5 exd5 14. e3 c6 15. Ne2
Qe7 16. a4 Re8 17. Ba3 Qf7 18. Rac1 g5 19. Bb2 Nd7 20. Rfe1 Qg7 21. Nd2 Nf8 22.
f3 Nxd2 23. Qxd2 Ng6 24. Kh1 Bd7 25. f4 g4 26. Nc3 h5 27. b4 h4 28. Kg1 Re7 29.
b5 Rae8 30. bxc6 bxc6 31. Re2 Rxe3 32. Rxe3 Bxd4 33. Nxd5 Bxb2 34. Rxe8+ Bxe8
35. Rd1 cxd5 36. Qxd5+ Qf7 {suite illisible} 1-0

[Event "Var ch 0607"]
[Site "Toulon"]
[Date "2006.??.??"]
[Round "3.5"]
[White "Reggiani, Jean Marc"]
[Black "Rousseau, Jacques"]
[Result "1-0"]
[WhiteElo "1750"]
[BlackElo "1527"]
[PlyCount "83"]
[EventDate "2006.??.??"]
[EventType "swiss"]
[EventRounds "7"]
[EventCountry "FRA"]

1. d4 Nf6 2. Nf3 e6 3. e3 d5 4. Bd3 Nc6 5. c3 a6 6. Nbd2 b5 7. O-O Bd6 8. Re1
O-O 9. e4 dxe4 10. Nxe4 Be7 11. Qe2 Bb7 12. Bg5 Nd5 13. Bxe7 Ncxe7 14. g3 Ng6
15. Rad1 Rc8 16. Nc5 Rb8 17. Nxb7 Rxb7 18. Ne5 Nde7 19. b3 Nd5 20. Rc1 Nde7 21.
Red1 c6 22. c4 Rc7 23. Qc2 Qb8 24. Be4 Rfc8 25. Qe2 b4 26. Qf3 Nxe5 27. dxe5
Ng6 28. Bxg6 hxg6 29. Rd6 Qa8 30. Rcd1 c5 31. Qf4 Rf8 32. Qh4 Rcc8 33. R6d3 f6
34. Qg4 fxe5 35. Qxe6+ Kh7 36. Rd7 Rce8 37. Qh3+ Kg8 38. Qg4 Rf6 39. Rc7 Ref8
40. Rdd7 R8f7 41. Rxf7 Rxf7 42. Rc8+ 1-0

[Event "Var ch 0607"]
[Site "Toulon"]
[Date "2006.11.18"]
[Round "3.6"]
[White "Pispisa, Ferdinand"]
[Black "Riviere, Cedric"]
[Result "0-1"]
[WhiteElo "1499"]
[BlackElo "1750"]
[PlyCount "42"]
[EventDate "2006.??.??"]
[EventType "swiss"]
[EventRounds "7"]
[EventCountry "FRA"]

1. e4 e5 2. f4 exf4 3. Nf3 g5 4. h3 d5 5. exd5 Qxd5 6. Nc3 Qe6+ 7. Qe2 Nc6 8.
Nxg5 Qxe2+ 9. Bxe2 Bd7 10. Nd5 O-O-O 11. Nxf7 Re8 12. Nxh8 Nd4 13. Kd1 Nxe2 14.
Nf7 Be6 15. Nxc7 Kxc7 16. Ng5 Bd5 17. d3 Bxg2 18. Rh2 f3 19. Nxf3 Bxf3 20. c4
Nd4+ 21. Kd2 Bb4# 0-1

[Event "Var ch 0607"]
[Site "Toulon"]
[Date "2006.??.??"]
[Round "3.11"]
[White "Paccard, Jacques"]
[Black "Urrutia, Jordi"]
[Result "1/2-1/2"]
[WhiteElo "1779"]
[BlackElo "1624"]
[PlyCount "67"]
[EventDate "2006.??.??"]
[EventType "swiss"]
[EventRounds "7"]
[EventCountry "FRA"]

1. e4 c5 2. c4 d6 3. Nc3 Nf6 4. d3 e6 5. Bg5 Be7 6. Qd2 Nc6 7. Nf3 a6 8. g3 Rb8
9. Bg2 h6 10. Be3 b5 11. O-O Qb6 12. b3 Ng4 13. Rfb1 Nxe3 14. fxe3 Bf6 15. a3
Bd7 16. Ra2 O-O 17. Bf1 Bxc3 18. Qxc3 b4 19. Qc1 a5 20. a4 Rbe8 21. Rbb2 f5 22.
exf5 Rxf5 23. Nh4 Rf6 24. Rf2 Ref8 25. Qe1 Qd8 26. Rxf6 Rxf6 27. Rf2 d5 28. Bg2
dxc4 29. dxc4 Ne5 30. Rxf6 Qxf6 31. Qd1 Qg5 32. Qe1 Ng4 33. e4 Qe3+ 34. Qxe3
1/2-1/2